000 00313nam a22001217a 4500
082 _a621.381 KLO'I
100 _aKLOEFFLO, R. G
_978887
245 _aINDUSTRIAL ELECRONICS AND CONTROL
260 _aLONDON
_bJOHN WILEY
_c1960
300 _a540P
650 _aINDUSTRIAL ELECRONICS AND CONTROL
_978888
942 _cBK
999 _c583951
_d583951